|
|
|
|
| LEADER |
00818cam a2200217 a 4500 |
| 001 |
0000054823 |
| 005 |
20010705090000.0 |
| 040 |
|
|
|a mod
|
| 041 |
|
|
|a eng
|
| 020 |
0 |
0 |
|a 9838720089
|
| 090 |
0 |
0 |
|a 574.9595122
|b RID
|c f
|
| 100 |
0 |
0 |
|a Ridzwan Abdul Rahman
|f Dr
|
| 245 |
1 |
0 |
|a Pulau Redang Marine Park Malaysia
|b the national advisory council for marine park and marine reserve the department of fisheries Malaysia
|c Dr. Ridzwan Abdul Rahman
|
| 260 |
0 |
0 |
|a Kuala Lumpur
|b Design Dimension Sdn. Bhd.
|c 1996
|
| 300 |
0 |
0 |
|a 128p.
|b ill.
|c 29cm
|
| 504 |
0 |
1 |
|a Bibliography: p. 120
|
| 600 |
0 |
0 |
|a Pulau Redang Marine Park (Terengganu
|
| 650 |
0 |
0 |
|a Marine parks and reserve
|z Terengganu
|x Redang Island
|
| 700 |
1 |
1 |
|a Sharifah Nora Syed Ibrahim
|
| 852 |
0 |
0 |
|a 01
|
| 999 |
|
|
|a 0172864
|b KEMENTAH
|d BOOKS
|e Rujukan
|f Perpustakaan KEMENTAH
|j AVAILABLE
|q GOOD CONDITION
|